00740nam a22001937a 4500003000900000008004100009020001800050040007100068082001900139100002600158245005200184260004000236300002800276440003900304505015700343650002000500650001000520650001600530AR-CdUCM190305b ||||| |||| 00| 0 spa d a968-23-0565-9 aMUNICIPALIDAD PROVINCIAL DEL CUSCOcBIBLIOTECA MUNICIPAL DEL CUSCO a305.40 /bSE36 aSéjourné, Laurett aLa mujer cubana en el quehacer de la historia / aMéxico :bSiglo veintiuno,c1980. a413 páginas ;c23 cm. aColección América nuestra.n26 aContenido: El desbroce -- La toma de poder -- Abriendo surcos -- La reforma agraria -- La siembra -- Los maestros voluntarios -- La cosecha -- Tesis ... aHistoria cubana aMujer aEducación